Retailer Processes Centred on the Food Market as the Main Determinate of Business Models in the Context of Retail Size

Cieľom príspevku je poskytnúť prehľad obchodných modelov založených na veľkosti maloobchodných prevádzok potravín a na identifikácii vybraných aktivít zameraných na zvýšenie konkurencieschopnosti a vytváranie hodnoty pre zákazníkov. Prieskumnú vzorku tvorilo 250 obchodov, ktorých manažéri boli skúma...

Ausführliche Beschreibung

Gespeichert in:
Bibliographische Detailangaben
1. Verfasser: Kita, Pavol
Weitere Verfasser: Čvirik, Marián, 1992-
Format: Buchkapitel
Schlagworte:
Tags: Tag hinzufügen
Keine Tags, Fügen Sie das erste Tag hinzu!

MARC

LEADER 00000naa a2200000 4500
001 0303907
005 20250930125425.5
044 |a GB 
245 1 0 |a Retailer Processes Centred on the Food Market as the Main Determinate of Business Models in the Context of Retail Size  |c Pavol Kita, Marián Čvirik 
520 |a Cieľom príspevku je poskytnúť prehľad obchodných modelov založených na veľkosti maloobchodných prevádzok potravín a na identifikácii vybraných aktivít zameraných na zvýšenie konkurencieschopnosti a vytváranie hodnoty pre zákazníkov. Prieskumnú vzorku tvorilo 250 obchodov, ktorých manažéri boli skúmaní prostredníctvom pološtruktúrovaného rozhovoru v marci až apríli 2022. Autori v tejto štúdii rozoberajú 30 identifikovaných komponentov 40 účelov, ktoré by mohli zvýšiť efektivitu obchodných modelov maloobchodníkov. 
610 2 0 |a digitalizácia 
610 2 0 |a modely podnikateľské 
610 2 0 |a obchod 
610 2 0 |a inovácie technologické 
610 2 0 |a maloobchod 
100 1 |a Kita, Pavol 
700 1 |a Čvirik, Marián, 1992-